[Event "GER-ch Seniors 65 31st"]
[Site "Radebeul"]
[Date "2019.05.03"]
[Round "8"]
[White "Goerden, Hans Juergen"]
[Black "Lomer, Edmund"]
[Result "1/2-1/2"]
[WhiteElo "1863"]
[BlackElo "2053"]
[PlyCount "99"]
[EventDate "2019.04.26"]
[EventType "swiss"]
[EventRounds "9"]
[EventCountry "GER"]
[SourceTitle "CBM 190 Extra"]
[Source "ChessBase"]
[SourceDate "2019.07.15"]
[SourceVersion "1"]
[SourceVersionDate "2019.07.15"]
[SourceQuality "1"]

1. d4 Nf6 2. Nc3 d5 3. Nf3 g6 4. Bf4 Bg7 5. Qd2 c6 6. h3 Bf5 7. e3 Nbd7 8. Bd3 Bxd3 9. Qxd3 0-0 10. 0-0 Re8 11. e4 dxe4 12. Nxe4 Qb6 13. Nxf6+ Nxf6 14. c4 Rad8 15. Qc2 Nh5 16. Be3 Qc7 17. Rad1 Nf4 18. Qe4 Nh5 19. b3 Nf6 20. Qh4 Qa5 21. a4 a6 22. Bd2 Qf5 23. Qf4 Qc2 24. Rb1 Qd3 25. Ba5 Rd7 26. Rfd1 Qe4 27. Qc1 Qf5 28. Bd2 Ne4 29. Be3 Red8 30. Re1 Nd6 31. Qa3 Qh5 32. Rbd1 Bf6 33. Qc1 Nf5 34. Qc2 Nh4 35. Nxh4 Qxh4 36. d5 cxd5 37. cxd5 Qb4 38. Bc5 Qf4 39. Bb6 Re8 40. Re4 Qf5 41. g4 Qg5 42. Be3 Qh4 43. g5 Qxh3 44. gxf6 Qf5 45. Rxe7 Qg4+ 46. Kf1 Qh3+ 47. Ke2 Qg4+ 48. Ke1 Qg1+ 49. Ke2 Qg4+ 50. Kf1 1/2-1/2

[Event "GER-ch Seniors 65 31st"]
[Site "Radebeul"]
[Date "2019.05.02"]
[Round "7"]
[White "Kahn, Peter"]
[Black "Goerden, Hans Juergen"]
[Result "1-0"]
[WhiteElo "1994"]
[BlackElo "1863"]
[PlyCount "89"]
[EventDate "2019.04.26"]
[EventType "swiss"]
[EventRounds "9"]
[EventCountry "GER"]
[SourceTitle "CBM 190 Extra"]
[Source "ChessBase"]
[SourceDate "2019.07.15"]
[SourceVersion "1"]
[SourceVersionDate "2019.07.15"]
[SourceQuality "1"]

1. d4 d5 2. Nf3 Nf6 3. e3 e6 4. Bd3 c5 5. c3 Nc6 6. Nbd2 cxd4 7. exd4 Bd6 8. 0-0 0-0 9. Re1 Qc7 10. Qe2 a6 11. Ne5 Ne7 12. Ndf3 Ng6 13. Bg5 b5 14. Nxg6 hxg6 15. Ne5 Ne4 16. Bh4 Bxe5 17. dxe5 Bb7 18. f3 Nc5 19. Bc2 Rac8 20. Rad1 Na4 21. Bb1 Nb6 22. Rd4 Nc4 23. Bg3 a5 24. h4 b4 25. cxb4 axb4 26. h5 gxh5 27. f4 g6 28. f5 exf5 29. Bxf5 Rce8 30. Bd3 Rc8 31. b3 Nb6 32. Bf2 Qe7 33. Qd2 Rc3 34. Qh6 Nd7 35. e6 Nf6 36. exf7+ Qxf7 37. Bxg6 Qg7 38. Qxg7+ Kxg7 39. Rxb4 Kxg6 40. Rxb7 Rd3 41. a4 Ne4 42. Be3 d4 43. Bc1 Nc5 44. Rb6+ Kh7 45. Ba3 1-0

[Event "GER-ch Seniors 65 31st"]
[Site "Radebeul"]
[Date "2019.04.26"]
[Round "1"]
[White "Baum, Bernd"]
[Black "Goerden, Hans Juergen"]
[Result "1-0"]
[WhiteElo "2183"]
[BlackElo "1863"]
[PlyCount "56"]
[EventDate "2019.04.26"]
[EventType "swiss"]
[EventRounds "9"]
[EventCountry "GER"]
[SourceTitle "CBM 190 Extra"]
[Source "ChessBase"]
[SourceDate "2019.07.15"]
[SourceVersion "1"]
[SourceVersionDate "2019.07.15"]
[SourceQuality "1"]

1. Nf3 Nf6 2. g3 g6 3. Bg2 Bg7 4. d4 d5 5. 0-0 0-0 6. Bf4 Nbd7 7. Qc1 Re8 8. c4 dxc4 9. Qxc4 c6 10. Rd1 Nb6 11. Qc1 Be6 12. Nc3 Nbd5 13. Be5 h6 14. Nd2 Bg4 15. f3 Be6 16. Nb3 b6 17. e4 Nxc3 18. bxc3 Qc8 19. Qe3 Bh3 20. Bh1 Qe6 21. Qe2 Rac8 22. Qa6 Qd7 23. Rd2 h5 24. Bf4 h4 25. gxh4 Nh5 26. Bg5 f6 27. Be3 Qc7 28. Qc4+ Be6 1-0

[Event "WchT Seniors 65"]
[Site "Radebeul"]
[Date "2016.07.01"]
[Round "6.20"]
[White "Murray, Jim G"]
[Black "Goerden, Hans Juergen"]
[Result "1-0"]
[WhiteElo "1834"]
[BlackElo "1821"]
[PlyCount "69"]
[EventDate "2016.06.26"]
[EventType "team-swiss"]
[EventRounds "9"]
[EventCountry "GER"]
[SourceTitle "CBM 173 Extra"]
[Source "ChessBase"]
[SourceDate "2016.08.29"]
[SourceVersion "1"]
[SourceVersionDate "2016.08.29"]
[SourceQuality "1"]
[WhiteTeam "Ireland"]
[BlackTeam "Saxone"]
[WhiteTeamCountry "IRL"]
[BlackTeamCountry "GER"]

1. e4 c5 2. b3 Nc6 3. f4 d6 4. Bb5 Bd7 5. Bb2 e6 6. Nf3 a6 7. Bxc6 Bxc6 8. d3 Ne7 9. 0-0 d5 10. Nbd2 d4 11. Nc4 g6 12. c3 Bg7 13. cxd4 cxd4 14. Nce5 f6 15. Nxc6 Nxc6 16. e5 0-0 17. Qe2 f5 18. Rac1 Bh6 19. g3 Qb6 20. Rc4 Rfc8 21. Qf2 Bf8 22. Ng5 Re8 23. Rfc1 Rad8 24. Nf3 Rd5 25. Qg2 Red8 26. Qh3 h6 27. g4 R8d7 28. Kh1 Qd8 29. Rg1 Rg7 30. Qxh6 Qe8 31. gxf5 exf5 32. Ng5 Rdd7 33. Qh3 b5 34. Rxc6 Qa8 35. Qg2 1-0

[Event "WchT Seniors 65"]
[Site "Radebeul"]
[Date "2016.06.30"]
[Round "5.2"]
[White "Appelt, Gerd"]
[Black "Goerden, Hans Juergen"]
[Result "1-0"]
[WhiteElo "2011"]
[BlackElo "1821"]
[PlyCount "67"]
[EventDate "2016.06.26"]
[EventType "team-swiss"]
[EventRounds "9"]
[EventCountry "GER"]
[SourceTitle "CBM 173 Extra"]
[Source "ChessBase"]
[SourceDate "2016.08.29"]
[SourceVersion "1"]
[SourceVersionDate "2016.08.29"]
[SourceQuality "1"]
[WhiteTeam "Dresden TuR"]
[BlackTeam "Saxone"]
[WhiteTeamCountry "GER"]
[BlackTeamCountry "GER"]

1. e4 c5 2. Nc3 Nc6 3. g3 d6 4. Bg2 Nf6 5. h3 e5 6. d3 Be7 7. Be3 Be6 8. Nge2 Nd4 9. Qd2 Qa5 10. f4 Nxe2 11. Kxe2 0-0-0 12. f5 Bd7 13. a3 Bc6 14. b4 Qa6 15. Rhb1 Ba4 16. b5 Qa5 17. Nd5 Qxd2+ 18. Kxd2 Nxd5 19. exd5 a6 20. c4 a5 21. Rg1 Bf6 22. Rab1 Kd7 23. g4 g5 24. fxg6 hxg6 25. Rgf1 Ke7 26. g5 Bg7 27. Rh1 f5 28. gxf6+ Bxf6 29. Bf3 g5 30. Bg4 b6 31. Rhg1 Rdf8 32. Be6 Rh4 33. Rg3 Rfh8 34. Rbg1 1-0

[Event "WchT Seniors 65"]
[Site "Radebeul"]
[Date "2016.06.28"]
[Round "3.2"]
[White "Benninger, Rudolf"]
[Black "Goerden, Hans Juergen"]
[Result "0-1"]
[WhiteElo "2099"]
[BlackElo "1821"]
[PlyCount "56"]
[EventDate "2016.06.26"]
[EventType "team-swiss"]
[EventRounds "9"]
[EventCountry "GER"]
[SourceTitle "CBM 173 Extra"]
[Source "ChessBase"]
[SourceDate "2016.08.29"]
[SourceVersion "1"]
[SourceVersionDate "2016.08.29"]
[SourceQuality "1"]
[WhiteTeam "Hessen II"]
[BlackTeam "Saxone"]
[WhiteTeamCountry "GER"]
[BlackTeamCountry "GER"]

1. e4 c5 2. c3 d5 3. exd5 Qxd5 4. d4 Nf6 5. Nf3 e6 6. Bd3 Be7 7. 0-0 0-0 8. Re1 Nc6 9. a3 Rd8 10. Be3 e5 11. Bb5 Bg4 12. Nbd2 e4 13. Bxc6 bxc6 14. h3 Bh5 15. g4 Nxg4 16. hxg4 Bxg4 17. Bf4 f5 18. Qc2 g5 19. Nxg5 Bxg5 20. Bxg5 Rd6 21. Nf1 Rg6 22. Qd2 h6 23. Bf4 Bf3+ 24. Bg3 f4 25. Qxf4 Qh5 26. Nh2 Rf8 27. Qe5 Qh3 28. Nxf3 exf3 0-1

[Event "EU-chT Seniors 15th"]
[Site "Dresden"]
[Date "2013.07.25"]
[Round "6"]
[White "Goerden, Hans Juergen"]
[Black "Krueger, Erich"]
[Result "1/2-1/2"]
[WhiteElo "1930"]
[BlackElo "2193"]
[PlyCount "81"]
[EventDate "2013.07.20"]
[EventType "team-swiss"]
[EventRounds "9"]
[EventCountry "GER"]
[SourceTitle "CBM 155 Extra"]
[Source "ChessBase"]
[SourceDate "2013.08.26"]
[SourceVersion "1"]
[SourceVersionDate "2013.08.26"]
[SourceQuality "1"]
[WhiteTeam "Dresden Lokomotiv"]
[BlackTeam "Katernberg"]
[WhiteTeamCountry "GER"]
[BlackTeamCountry "GER"]

1. e4 c6 2. d4 d5 3. e5 Bf5 4. Bd3 Bxd3 5. Qxd3 e6 6. Ne2 Qa5+ 7. Bd2 Qa6 8. Qxa6 Nxa6 9. Nbc3 Ne7 10. Ng3 c5 11. dxc5 Nc6 12. f4 Bxc5 13. 0-0-0 Rc8 14. a3 Nc7 15. Nge2 b5 16. Kb1 0-0 17. Nc1 a5 18. N3a2 Na6 19. Nd3 Ba7 20. Rc1 Rb8 21. Rhe1 Rfc8 22. g4 Rb7 23. f5 b4 24. axb4 axb4 25. fxe6 fxe6 26. h4 Rcb8 27. b3 Bd4 28. Be3 Ra8 29. Bxd4 Nxd4 30. Rcd1 Nb5 31. Kb2 Nbc7 32. Rf1 Rd8 33. Rf4 d4 34. Nf2 Nb5 35. Nc1 Rc7 36. Ne4 Rdc8 37. Rd2 Na3 38. Rff2 Nb5 39. Nd6 Nxd6 40. exd6 Rd7 41. Rxd4 1/2-1/2

[Event "EU-chT Seniors 15th"]
[Site "Dresden"]
[Date "2013.07.24"]
[Round "5"]
[White "Phillips, William"]
[Black "Goerden, Hans Juergen"]
[Result "1/2-1/2"]
[WhiteElo "1932"]
[BlackElo "1930"]
[PlyCount "28"]
[EventDate "2013.07.20"]
[EventType "team-swiss"]
[EventRounds "9"]
[EventCountry "GER"]
[SourceTitle "CBM 155 Extra"]
[Source "ChessBase"]
[SourceDate "2013.08.26"]
[SourceVersion "1"]
[SourceVersionDate "2013.08.26"]
[SourceQuality "1"]
[WhiteTeam "England III"]
[BlackTeam "Dresden Lokomotiv"]
[WhiteTeamCountry "ENG"]
[BlackTeamCountry "GER"]

1. e4 c5 2. Nf3 a6 3. d4 cxd4 4. Nxd4 Nf6 5. Nc3 e5 6. Nb3 Bb4 7. Bd3 d5 8. exd5 Qxd5 9. 0-0 Bxc3 10. bxc3 0-0 11. Bg5 Nbd7 12. c4 Qe6 13. Re1 h6 14. Bd2 Qg4 1/2-1/2

[Event "GER-ch Seniors"]
[Site "Dresden"]
[Date "2012.08.16"]
[Round "8"]
[White "Goerden, Hans Juergen"]
[Black "Kierzek, Matthias"]
[Result "0-1"]
[WhiteElo "1938"]
[BlackElo "2196"]
[PlyCount "112"]
[EventDate "2012.08.09"]
[EventType "swiss"]
[EventRounds "9"]
[EventCountry "GER"]
[SourceTitle "EXT 2014"]
[Source "ChessBase"]
[SourceDate "2013.11.20"]
[SourceVersion "1"]
[SourceVersionDate "2013.11.20"]
[SourceQuality "1"]

1. e4 c5 2. Nf3 e6 3. d4 cxd4 4. Nxd4 Nc6 5. Nxc6 bxc6 6. Bd3 Nf6 7. 0-0 Qc7 8. Be3 d5 9. Nd2 Be7 10. c4 0-0 11. h3 Rd8 12. Qc2 d4 13. Bg5 Ng4 14. hxg4 Bxg5 15. Nf3 Qf4 16. Nxg5 Qxg5 17. f4 Qxg4 18. e5 h6 19. Rf3 Bb7 20. Qf2 c5 21. Rg3 Qh5 22. Rh3 Qg4 23. Rh4 Qxg2+ 24. Qxg2 Bxg2 25. Kxg2 Rab8 26. b3 a5 27. Rhh1 Kf8 28. Rhb1 Rb6 29. Kf3 Ke7 30. Ke4 g6 31. a4 h5 32. Bc2 Rb7 33. Rd1 Rbd7 34. Rd3 Rb7 35. Ra2 Rdb8 36. Bd1 Rb4 37. Rg2 R4b7 38. Rdg3 Rb4 39. Kd3 R4b6 40. Kc2 Rb4 41. Rd3 R4b6 42. Bf3 Rh8 43. Be4 Rf8 44. Rg1 Kd7 45. Rb1 Rb4 46. Rdd1 Rfb8 47. Rb2 R4b6 48. Rdb1 Rb4 49. Kd3 Rh8 50. Ke2 Rc8 51. Kf3 Ke7 52. Kg3 Ke8 53. Kh4 Kd7 54. Kg5 Ke7 55. Kh6 Rh8+ 56. Kg7 Rbb8 0-1

[Event "GER-ch Seniors"]
[Site "Dresden"]
[Date "2012.08.13"]
[Round "5"]
[White "Goerden, Hans Juergen"]
[Black "Babichev, Vyacheslav"]
[Result "0-1"]
[WhiteElo "1938"]
[BlackElo "1763"]
[PlyCount "108"]
[EventDate "2012.08.09"]
[EventType "swiss"]
[EventRounds "9"]
[EventCountry "GER"]
[SourceTitle "EXT 2014"]
[Source "ChessBase"]
[SourceDate "2013.11.20"]
[SourceVersion "1"]
[SourceVersionDate "2013.11.20"]
[SourceQuality "1"]

1. e4 d6 2. d4 Nf6 3. f3 g6 4. Be3 Bg7 5. c4 0-0 6. Nc3 c6 7. Qd2 a6 8. a4 Qa5 9. Bd3 Nbd7 10. Nge2 e5 11. d5 Nc5 12. Bc2 Ne8 13. 0-0 Nd7 14. Rfb1 c5 15. Nc1 Qd8 16. a5 Qh4 17. b4 cxb4 18. Rxb4 Qd8 19. Nd3 Qc7 20. Na4 Qxa5 21. Qc3 Qd8 22. c5 f5 23. c6 bxc6 24. dxc6 Ndf6 25. Nb6 Rb8 26. Nd5 Nxd5 27. Qc4 Be6 28. exd5 Rxb4 29. Nxb4 Bc8 30. Rb1 f4 31. Bf2 Nc7 32. Na2 Nb5 33. Ba4 Na3 34. Qb3 Nxb1 35. Qxb1 Qg5 36. h4 Qd8 37. Nc3 Bf6 38. Ne4 Bf5 39. Qb7 Bxh4 40. Bxh4 Qxh4 41. Nf2 Bc8 42. Qb4 Qe7 43. Bc2 Qc7 44. Bd3 a5 45. Qb3 Kg7 46. Ne4 Bf5 47. Ng5 Rb8 48. Qd1 Qb6+ 49. Kh2 Bxd3 50. Ne6+ Kf6 51. Qxd3 Qf2 52. c7 Rb2 53. Nxf4 exf4 54. Qc3+ Kg5 0-1

[Event "GER-ch Seniors"]
[Site "Dresden"]
[Date "2012.08.09"]
[Round "1"]
[White "Weber, Bernd"]
[Black "Goerden, Hans Juergen"]
[Result "0-1"]
[WhiteElo "2173"]
[BlackElo "1938"]
[PlyCount "64"]
[EventDate "2012.08.09"]
[EventType "swiss"]
[EventRounds "9"]
[EventCountry "GER"]
[SourceTitle "EXT 2014"]
[Source "ChessBase"]
[SourceDate "2013.11.20"]
[SourceVersion "1"]
[SourceVersionDate "2013.11.20"]
[SourceQuality "1"]

1. d4 d5 2. c4 e6 3. Nc3 Nf6 4. Nf3 Bb4 5. e3 0-0 6. a3 Bxc3+ 7. bxc3 c5 8. cxd5 exd5 9. Bd3 Bg4 10. Qc2 Bxf3 11. gxf3 Re8 12. 0-0 Nbd7 13. Bb2 Rc8 14. Qd2 c4 15. Bc2 Rc6 16. Rae1 Rce6 17. Kh1 g6 18. Rg1 Qe7 19. Bc1 Kh8 20. Qe2 Nh5 21. e4 f5 22. e5 Ng7 23. Qd2 Qh4 24. Ba4 R8e7 25. Qe2 h6 26. Qf1 Nh5 27. Bxh6 Rh7 28. Bxd7 Rxh6 29. Qg2 Re7 30. e6 Reh7 31. Rgf1 Nf4 32. Qg3 Qxh2+ 0-1

[Event "EU-chT Seniors 12th"]
[Site "Dresden"]
[Date "2010.02.17"]
[Round "8"]
[White "Van Herck, Marcel"]
[Black "Goerden, Hans Juergen"]
[Result "1/2-1/2"]
[WhiteElo "2156"]
[BlackElo "1835"]
[PlyCount "57"]
[EventDate "2010.02.10"]
[EventType "team-swiss"]
[EventRounds "9"]
[EventCountry "GER"]
[SourceTitle "CBM 134 Extra"]
[Source "ChessBase"]
[SourceDate "2010.03.03"]
[SourceVersion "1"]
[SourceVersionDate "2010.03.03"]
[SourceQuality "1"]
[WhiteTeam "Belgium (Seniors)"]
[BlackTeam "Widukind (Seniors) II"]
[WhiteTeamCountry "BEL"]
[BlackTeamCountry "GER"]

1. e4 e5 2. f4 exf4 3. Bc4 Be7 4. Nc3 d6 5. d4 Nf6 6. Bxf4 0-0 7. Nf3 Nxe4 8. Nxe4 d5 9. Bd3 dxe4 10. Bxe4 Nd7 11. 0-0 Nf6 12. Bd3 Bg4 13. Kh1 Nd5 14. Qd2 c6 15. c3 Bh5 16. Be5 f6 17. Bg3 Bd6 18. Bxd6 Qxd6 19. Rae1 Rae8 20. Nh4 Rxe1 21. Rxe1 Re8 22. Nf5 Qd7 23. Rxe8+ Qxe8 24. Bc4 Qe4 25. Ng3 Qb1+ 26. Nf1 Bf7 27. Kg1 Qe4 28. Kf2 Qf5+ 29. Kg1 1/2-1/2

[Event "EU-chT Seniors 12th"]
[Site "Dresden"]
[Date "2010.02.16"]
[Round "7"]
[White "Goerden, Hans Juergen"]
[Black "Svenske, Jan"]
[Result "1/2-1/2"]
[WhiteElo "1835"]
[BlackElo "1844"]
[PlyCount "83"]
[EventDate "2010.02.10"]
[EventType "team-swiss"]
[EventRounds "9"]
[EventCountry "GER"]
[SourceTitle "CBM 134 Extra"]
[Source "ChessBase"]
[SourceDate "2010.03.03"]
[SourceVersion "1"]
[SourceVersionDate "2010.03.03"]
[SourceQuality "1"]
[WhiteTeam "Widukind (Seniors) II"]
[BlackTeam "Arctic Team (Seniors)"]
[WhiteTeamCountry "GER"]
[BlackTeamCountry "NOR"]

1. e4 d6 2. d4 Nf6 3. Nc3 g6 4. f3 Bg7 5. Be3 0-0 6. Qd2 c6 7. Bc4 b5 8. Bb3 Bb7 9. Nge2 a5 10. a3 Nbd7 11. 0-0 Ba6 12. Rfd1 Nb6 13. Bf2 Nc4 14. Bxc4 bxc4 15. Rab1 Rb8 16. b3 cxb3 17. cxb3 Qc7 18. Rdc1 e6 19. b4 axb4 20. axb4 Qd7 21. Rc2 Ne8 22. f4 f5 23. e5 dxe5 24. dxe5 Rf7 25. Nd4 Bf8 26. b5 cxb5 27. Ndxb5 Bxb5 28. Qxd7 Rxd7 29. Rcb2 Nc7 30. Ba7 Rb7 31. Be3 Rd3 32. Nxb5 Rxe3 33. Nd6 Rxb2 34. Rxb2 Nd5 35. g3 Rd3 36. Rb8 Kg7 37. Rb7+ Be7 38. Nc8 Kf8 39. Nd6 Rd1+ 40. Kf2 Rc1 41. Rb8+ Kg7 42. Rb2 1/2-1/2

[Event "EU-chT Seniors 12th"]
[Site "Dresden"]
[Date "2010.02.13"]
[Round "4"]
[White "Goerden, Hans Juergen"]
[Black "Gustavsson, Sture"]
[Result "0-1"]
[WhiteElo "1835"]
[BlackElo "2029"]
[PlyCount "102"]
[EventDate "2010.02.10"]
[EventType "team-swiss"]
[EventRounds "9"]
[EventCountry "GER"]
[SourceTitle "CBM 134 Extra"]
[Source "ChessBase"]
[SourceDate "2010.03.03"]
[SourceVersion "1"]
[SourceVersionDate "2010.03.03"]
[SourceQuality "1"]
[WhiteTeam "Widukind (Seniors) II"]
[BlackTeam "Sweden (Seniors) III"]
[WhiteTeamCountry "GER"]
[BlackTeamCountry "SWE"]

1. e4 c5 2. c4 Nc6 3. Ne2 g6 4. d4 cxd4 5. Nxd4 Bg7 6. Be3 Nf6 7. Nc3 Ng4 8. Qxg4 Nxd4 9. Qd1 Nc6 10. Qd2 0-0 11. Be2 d6 12. 0-0 Be6 13. Rac1 Qd7 14. Rfd1 Rfd8 15. b3 b6 16. f4 f5 17. Bf3 Rac8 18. Nb5 fxe4 19. Bxe4 Bf5 20. Bxc6 Rxc6 21. Nxa7 Rc7 22. Nb5 Rb7 23. Qf2 Rdb8 24. Bd4 Bxd4 25. Qxd4 Rf8 26. Nc3 Be6 27. a4 Qc6 28. Re1 Bf7 29. Nd5 Re8 30. Rcd1 Qc5 31. Kf1 Qxd4 32. Rxd4 Kg7 33. g3 Bxd5 34. Rxd5 Rc8 35. Kg2 Rc5 36. Rd4 Rbc7 37. Kf3 Kf6 38. g4 h5 39. h3 R7c6 40. Red1 Rc8 41. Rd5 hxg4+ 42. hxg4 Rh8 43. Kg3 Ke6 44. R5d4 Rh7 45. Ra1 Rc8 46. a5 bxa5 47. Rxa5 Rch8 48. Re4+ Kd7 49. f5 g5 50. Ra7+ Kc6 51. Raxe7 Rh2 0-1